光明電気鉄道の駅 - Statistics

General Stats
  • This quiz has been taken 2 times
  • The average score is 9 of 19
Answer Stats
km Answer % Correct
0.0 新中泉
100%
1.7 遠州見附
50%
2.6 川原
50%
4.6 加茂東
50%
5.6 三ツ入
50%
6.6 遠州岩田
50%
8.4 入下
50%
9.6 寺谷
50%
10.6 掛下
50%
11.7 平松
50%
13.2 神増
50%
13.9 上神増
50%
15.3 田川
50%
16.4 上野部
50%
17.2 神田公園前
50%
19.1 二俣口
50%
19.8 二俣町
50%
0.5 中泉二之宮
0%
7.7 勾坂
0%
No matching quizzes found
Score Distribution
Percent of People with Each Score
Percentile by Number Answered
Your Score History
You have not taken this quiz